GATE Graduate aptitude test in engineering (Record no. 59483)
[ view plain ]
| 000 -LEADER | |
|---|---|
| fixed length control field | 00517nam a22001937a 4500 |
| 005 - DATE & TIME | |
| control field | 20250318122551.0 |
| 008 - FIXED-LENGTH DATA ELEMENTS--GENERAL INFORMATION | |
| fixed length control field | 250318b |||||||| |||| 00| 0 eng d |
| 020 ## - ISBN | |
| International Standard Book Number | 9789359986449 |
| Price | 355.00 |
| 040 ## - CATALOGING SOURCE | |
| Original cataloging agency | Doon University |
| 041 ## - Language | |
| Language | English |
| 082 ## - DDC NUMBER | |
| Classification number | 620 |
| Book Number | SAX |
| 100 ## - MAIN ENTRY--PERSONAL NAME | |
| Personal name | Saxena, Sanjay |
| 245 ## - TITLE STATEMENT | |
| Title | GATE Graduate aptitude test in engineering |
| Sub Title | : Solved Papers 2024-2000 Chemistry |
| 260 ## - PUBLICATION, DISTRIBUTION, ETC. (IMPRINT) | |
| Place of publication, distribution, etc | New Delhi |
| Name of publisher, distributor, etc | Arihant |
| Date of publication, distribution, etc | 2024 |
| 300 ## - PHYSICAL DESCRIPTION | |
| Pages | 156 |
| 650 ## - Subject | |
| Subject | Chemistry |
| 700 ## - Added Entry Personal Name | |
| Added Entry Personal Name | Gupta, Preeti |
| 942 ## - ADDED ENTRY ELEMENTS (KOHA) | |
| Koha item type | Books |
| 100 ## - MAIN ENTRY--PERSONAL NAME | |
| -- | 8167 |
| 952 ## - LOCATION AND ITEM INFORMATION (KOHA) | |
| -- | 2025-03-18 |
| 952 ## - LOCATION AND ITEM INFORMATION (KOHA) | |
| -- | 2025-03-18 |
| 952 ## - LOCATION AND ITEM INFORMATION (KOHA) | |
| -- | 2025-03-18 |
| 952 ## - LOCATION AND ITEM INFORMATION (KOHA) | |
| -- | 2025-03-18 |
| 952 ## - LOCATION AND ITEM INFORMATION (KOHA) | |
| -- | 2025-03-18 |
| 952 ## - LOCATION AND ITEM INFORMATION (KOHA) | |
| -- | 2025-03-18 |
| 952 ## - LOCATION AND ITEM INFORMATION (KOHA) | |
| -- | 2025-03-18 |
| 952 ## - LOCATION AND ITEM INFORMATION (KOHA) | |
| -- | 2025-03-18 |
| 952 ## - LOCATION AND ITEM INFORMATION (KOHA) | |
| -- | 2025-03-18 |
| 952 ## - LOCATION AND ITEM INFORMATION (KOHA) | |
| -- | 2025-03-18 |
| Withdrawn status | Lost status | Source of classification or shelving scheme | Damaged status | Not for loan | Location (home branch) | Sublocation or collection (holding branch) | Date acquired | Koha full call number | Accession No. | Koha date last seen | Koha item type | Koha issues (times borrowed) |
|---|---|---|---|---|---|---|---|---|---|---|---|---|
| Not For Loan | Doon University | Doon University | 18.03.2025 | 620 SAX | 50266 | 18.03.2025 | Reference | |||||
| Doon University | Doon University | 18.03.2025 | 620 SAX | 50267 | 18.03.2025 | Books | ||||||
| Doon University | Doon University | 18.03.2025 | 620 SAX | 50268 | 18.03.2025 | Books | ||||||
| Doon University | Doon University | 18.03.2025 | 620 SAX | 50269 | 18.03.2025 | Books | ||||||
| Doon University | Doon University | 18.03.2025 | 620 SAX | 50270 | 18.03.2025 | Books | ||||||
| Doon University | Doon University | 18.03.2025 | 620 SAX | 50271 | 18.03.2025 | Books | ||||||
| Doon University | Doon University | 18.03.2025 | 620 SAX | 50272 | 18.03.2025 | Books | ||||||
| Doon University | Doon University | 18.03.2025 | 620 SAX | 50273 | 18.03.2025 | Books | ||||||
| Doon University | Doon University | 18.03.2025 | 620 SAX | 50274 | 18.03.2025 | Books | ||||||
| Doon University | Doon University | 18.03.2025 | 620 SAX | 50275 | 18.03.2025 | Books |